[Event "Stay Safe Play From Home 237"]
[Site "Emanuel Lasker Arena"]
[Date "2020.06.18"]
[Round "1"]
[White "BrainThinker22"]
[Black "Timbre"]
[Result "1-0"]
[WhiteElo "2058"]
[BlackElo "1690"]
[Annotator "NA RC"]
[PlyCount "61"]
[EventDate "2020.06.18"]
[EventType "swiss (blitz)"]

1. e4 {[%emt 0:00:01]} c6 {[%emt 0:00:02]} 2. d4 {[%emt 0:00:01]} d5 {[%emt 0:00:01]} 3. exd5 {[%emt 0:00:00]} cxd5 {[%emt 0:00:02]} 4. c4 {[%emt 0:00:00]} dxc4 {[%emt 0:00:00]} 5. Bxc4 {[%emt 0:00:02]} e6 {[%emt 0:00:01]} 6. Nf3 {[%emt 0:00:01]} Nf6 {[%emt 0:00:01]} 7. Nc3 {[%emt 0:00:01]} Be7 {[%emt 0:00:01]} 8. O-O {[%emt 0:00:01]} Nc6 {[%emt 0:00:01]} 9. Re1 {[%emt 0:00:01]} O-O {[%emt 0:00:01]} 10. h3 {[%emt 0:00:01]} a6 {[%emt 0:00:01]} 11. a3 {[%emt 0:00:03]} b5 {[%emt 0:00:02]} 12. Ba2 {[%emt 0:00:01]} Bb7 {[%emt 0:00:01]} 13. d5 {[%emt 0:00:05]} exd5 {[%emt 0:00:02]} 14. Nxd5 {[%emt 0:00:01]} Nxd5 {[%emt 0:00:02]} 15. Bxd5 {[%emt 0:00:00]} Bf6 {[%emt 0:00:03]} 16. Rb1 {[%emt 0:00:05]} Na5 {[%emt 0:00:09]} 17. Bxb7 {[%emt 0:00:15]} Nxb7 {[%emt 0:00:02]} 18. Bf4 {[%emt 0:00:04]} Qa5 {[%emt 0:00:11]} 19. Qd5 {[%emt 0:00:05]} Qb6 {[%emt 0:00:14]} 20. Be3 {[%emt 0:00:07]} Qc7 {[%emt 0:00:08]} 21. Rbc1 {[%emt 0:00:02]} Qb8 {[%emt 0:00:09]} 22. Bd4 {[%emt 0:00:41]} Bxd4 {[%emt 0:00:04]} 23. Nxd4 {[%emt 0:00:00]} Nd8 {[%emt 0:00:03]} 24. Re7 {[%emt 0:00:08]} Ne6 {[%emt 0:00:11]} 25. Nxe6 {[%emt 0:00:03]} fxe6 {[%emt 0:00:02]} 26. Qxe6+ {[%emt 0:00:00]} Kh8 {[%emt 0:00:03]} 27. Rcc7 {[%emt 0:00:01]} Rg8 {[%emt 0:00:06]} 28. Qe5 {[%emt 0:00:05]} Qf8 {[%emt 0:00:03]} 29. Rf7 {[%emt 0:00:09]} Qe8 {[%emt 0:00:06]} 30. Rce7 {[%emt 0:00:02]} Qc6 {[%emt 0:00:09]} 31. Rxg7 {[%emt 0:00:05] Timbre resigns (Lag: Av=0.61s, max=4.2s)} 1-0

[Event "Stay Safe Play From Home 237"]
[Site "Emanuel Lasker Arena"]
[Date "2020.06.18"]
[Round "1"]
[White "Greblha"]
[Black "Katianet"]
[Result "1-0"]
[WhiteElo "1933"]
[BlackElo "1488"]
[Annotator "TA"]
[PlyCount "47"]
[EventDate "2020.06.18"]
[EventType "swiss (blitz)"]

{[%evp 13,47,17,13,8,20,-24,-22,-21,-14,0,0,6,7,0,123,121,176,181,2908,308,383,272,354,302,363,362,1249,1244,1360,1157,29985,5098,2527,2471,29985,1201]} 1. e4 e6 2. d4 d5 3. e5 c5 4. c3 cxd4 5. cxd4 Nc6 6. Nc3 Nge7 7. Nf3 Nf5 8. Be3 {C02: French: Advance Variation.} Be7 9. Qb3 O-O 10. Bd3 {The position is equal.} Nxe3 11. fxe3 f5 12. exf6 Bxf6 13. O-O {[#]} Na5 $146 {[#]} (13... g6 $11 {remains equal.}) ({Predecessor:} 13... Bd7 14. Rad1 Qe7 15. Bb1 Be8 16. Na4 Rc8 17. Nc3 Na5 18. Qc2 Bg6 19. Qe2 Bxb1 20. Rxb1 {0-1 (68) Margarint,C-Merino Garcia,R (2240) St Lorenzo 1995}) 14. Qc2 $1 $36 {[%mdl 2048] White is in control.} Bd7 (14... h6 $16) 15. Bxh7+ $18 Kf7 $2 {[#]} (15... Kh8 16. Bd3 Nc6) 16. Qg6+ $2 (16. Nxd5 $1 {[%mdl 512]} exd5 17. Ne5+ Ke8 18. Bg6+ Rf7 19. Bxf7+ Kf8 20. Qc5+ {[%mdl 64] Double Attack} Qe7 21. Ng6+ {[%mdl 64] Double Attack, Pin} Kxf7 22. Nxe7) 16... Ke7 17. Ne5 Nc4 18. Nxc4 dxc4 19. d5 Kd6 $2 (19... Be8 20. Qe4 {[%mdl 64] Double Attack} Qd6 21. Qxc4 Rd8 22. dxe6 Bc6) 20. dxe6 Bxe6 21. Rad1+ {[%mdl 64] Skewer} Kc6 22. Rxd8 (22. Qe4+ $142 Kc7 23. Nb5+ Kb6 24. Qxe6+ Ka5 25. Nd6 Qxd6 26. Qxd6 Bd4 27. Rxf8 Rxf8 28. Qxd4) 22... Raxd8 23. Qe4+ {[%mdl 64] Double Attack} Kc7 24. Qxe6 {Accuracy: White = 60%, Black = 22%.} (24. Nb5+ $142 Kd7 25. Qxb7+ {[%mdl 64] Double Attack} Ke8 26. Bg6+ Rf7 27. Nc7+ Ke7 28. Nxe6+ {[%mdl 64] Pin} Rd7 29. Qc6) 1-0

[Event "Stay Safe Play From Home 237"]
[Site "Emanuel Lasker Arena"]
[Date "2020.06.18"]
[Round "1"]
[White "Dukic"]
[Black "Shyamph1980"]
[Result "1-0"]
[WhiteElo "1924"]
[BlackElo "1628"]
[Annotator "NA RC"]
[PlyCount "55"]
[EventDate "2020.06.18"]
[EventType "swiss (blitz)"]

1. c4 {[%emt 0:00:05]} Nf6 {[%emt 0:00:02]} 2. Nc3 {[%emt 0:00:04]} c6 {[%emt 0:00:02]} 3. d4 {[%emt 0:00:02]} d5 {[%emt 0:00:01]} 4. Nf3 {[%emt 0:00:02]} dxc4 {[%emt 0:00:02]} 5. g3 {[%emt 0:00:01]} e6 {[%emt 0:00:06]} 6. Bg2 {[%emt 0:00:02]} Bb4 {[%emt 0:00:01]} 7. a4 {[%emt 0:00:02]} O-O {[%emt 0:00:02]} 8. O-O {[%emt 0:00:01]} Na6 {[%emt 0:00:04]} 9. Ne5 {[%emt 0:00:03]} Nc7 {[%emt 0:00:03]} 10. Nxc4 {[%emt 0:00:02]} Nfd5 {[%emt 0:00:10]} 11. Qb3 {[%emt 0:00:03]} Be7 {[%emt 0:00:05]} 12. e4 {[%emt 0:00:03]} Nb4 {[%emt 0:00:05]} 13. Rd1 {[%emt 0:00:02]} b5 {[%emt 0:00:09]} 14. Ne3 {[%emt 0:00:18]} Bd7 {[%emt 0:00:11]} 15. axb5 {[%emt 0:00:09]} Nxb5 {[%emt 0:00:06]} 16. d5 {[%emt 0:00:06]} cxd5 {[%emt 0:00:05]} 17. exd5 {[%emt 0:00:01]} exd5 {[%emt 0:00:06]} 18. Ncxd5 {[%emt 0:00:04]} Rb8 {[%emt 0:00:02]} 19. Nxb4 {[%emt 0:00:06]} Bf6 {[%emt 0:00:07]} 20. Ned5 {[%emt 0:00:04]} Be5 {[%emt 0:00:10]} 21. Be3 {[%emt 0:00:11]} Be6 {[%emt 0:00:03]} 22. Nc6 {[%emt 0:00:05]} Qd6 {[%emt 0:00:21]} 23. Nxe5 {[%emt 0:00:07]} Qxe5 {[%emt 0:00:02]} 24. Bf4 {[%emt 0:00:01]} Nd4 {[%emt 0:00:12]} 25. Bxe5 {[%emt 0:00:06]} Nxb3 {[%emt 0:00:04]} 26. Rxa7 {[%emt 0:00:06]} Ra8 {[%emt 0:00:03]} 27. Ne7+ {[%emt 0:00:03]} Kh8 {[%emt 0:00:02]} 28. Bxa8 {[%emt 0:00:02] Shyamph1980 resigns (Lag: Av=0.57s, max=0.8s)} 1-0

[Event "Stay Safe Play From Home 237"]
[Site "Emanuel Lasker Arena"]
[Date "2020.06.18"]
[Round "1"]
[White "Matanant"]
[Black "Lazieri3"]
[Result "1/2-1/2"]
[WhiteElo "1784"]
[BlackElo "2078"]
[Annotator "TA"]
[PlyCount "60"]
[EventDate "2020.06.18"]
[EventType "swiss (blitz)"]

{[%evp 9,60,-50,-16,-17,-6,-9,-11,-36,29,0,13,11,55,37,190,184,185,178,173,177,177,170,377,145,284,276,285,272,262,154,290,287,242,-76,-76,-71,-92,-87,-89,-250,-262,-256,-243,-229,-52,-54,0,-169,38,-98,-61,-93,-29]} 1. b3 c5 2. Bb2 Nc6 3. f4 Nf6 4. Nf3 d6 5. d3 {[#]} h6 $146 ({Predecessor:} 5... Bf5 6. e3 e6 7. e4 Bg4 8. Be2 Be7 9. Nbd2 O-O 10. Ng5 Bxe2 11. Qxe2 h6 {0-1 (28) Pashkin,V-Bortsova,T (2106) Nizhnij Novgorod 2008}) 6. e4 {A02: Bird's Opening.} g6 7. Nbd2 Bg7 8. Nc4 {The position is equal.} Na5 (8... b5 $15 9. Ncd2 O-O) 9. Ne3 Bd7 10. Be2 b5 11. O-O Ng4 $2 (11... O-O $14) 12. Bxg7 $18 Nxe3 13. Qc1 Rh7 14. Qxe3 Rxg7 15. f5 gxf5 $2 (15... g5 {was necessary.} 16. d4 c4) 16. exf5 $2 (16. Qxh6 $18 {Threatening mate with Qh8+.} Rg8 17. Ng5) 16... Bxf5 (16... Rg8 $16 17. Qxh6 Qc7) 17. Nh4 ({Don't take} 17. Qxh6 $6 Rg8 $18) 17... Be6 18. Qxh6 Rg8 19. Bf3 (19. Bh5 $18 Qd7 20. Rae1) 19... Rc8 (19... Kd7 $16) 20. Bh5 Kd7 {[#] White must now prevent ...Rh8.} 21. Rae1 $2 (21. Bxf7 $18 Bxf7 22. Rxf7) 21... Rh8 $17 22. Qg5 Qg8 23. Qxg8 Rcxg8 24. Rxe6 $2 (24. Bxf7 $17 Bxf7 25. Rxf7 Rxh4 26. Rexe7+ Kc6 27. Rxa7) 24... fxe6 $19 25. Bf7 Rg7 26. Ng6 Rh6 $2 (26... Rc8 $19 {aiming for ...Nc6.} 27. h4 Nc6) 27. Nf8+ $15 Kc6 (27... Kc8 $15 28. Bxe6+ Kc7) 28. Bxe6 $2 (28. Nxe6 $11 {and White is okay.} Rg4 29. g3) 28... Rf6 $2 ({Black should play} 28... b4 $19 {Strongly threatening ...Kb6.} 29. Bd7+ Kd5) 29. Bd7+ (29. Rxf6 $1 $14 exf6 30. h4) 29... Kb7 30. Ne6 {[#]} Rxf1+ $1 {Accuracy: White = 41%, Black = 32%.} 1/2-1/2

[Event "Stay Safe Play From Home 237"]
[Site "Emanuel Lasker Arena"]
[Date "2020.06.18"]
[Round "1"]
[White "Klasman"]
[Black "Haris kollari 13"]
[Result "0-1"]
[WhiteElo "1664"]
[BlackElo "1811"]
[Annotator "NA RC"]
[PlyCount "66"]
[EventDate "2020.06.18"]
[EventType "swiss (blitz)"]

1. f4 {[%emt 0:00:02]} e6 {[%emt 0:00:01]} 2. e4 {[%emt 0:00:02]} d5 {[%emt 0:00:01]} 3. e5 {[%emt 0:00:01]} c5 {[%emt 0:00:01]} 4. Nf3 {[%emt 0:00:01]} Nc6 {[%emt 0:00:01]} 5. Bb5 {[%emt 0:00:02]} Bd7 {[%emt 0:00:02]} 6. Bxc6 {[%emt 0:00:02]} Bxc6 {[%emt 0:00:01]} 7. O-O {[%emt 0:00:01]} Ne7 {[%emt 0:00:03]} 8. c3 {[%emt 0:00:01]} c4 {[%emt 0:00:03]} 9. b3 {[%emt 0:00:04]} b5 {[%emt 0:00:02]} 10. a4 {[%emt 0:00:02]} a6 {[%emt 0:00:01]} 11. axb5 {[%emt 0:00:03]} axb5 {[%emt 0:00:02]} 12. Rxa8 {[%emt 0:00:02]} Qxa8 {[%emt 0:00:01]} 13. bxc4 {[%emt 0:00:02]} bxc4 {[%emt 0:00:01]} 14. Ba3 {[%emt 0:00:08]} Nf5 {[%emt 0:00:10]} 15. Bxf8 {[%emt 0:00:03]} Kxf8 {[%emt 0:00:01]} 16. g4 {[%emt 0:00:02]} Qa7+ {[%emt 0:00:11]} 17. Rf2 {[%emt 0:00:08]} Ne7 {[%emt 0:00:04]} 18. Kg2 {[%emt 0:00:02]} h6 {[%emt 0:00:01]} 19. Nd4 {[%emt 0:00:06]} Bd7 {[%emt 0:00:04]} 20. d3 {[%emt 0:00:08]} cxd3 {[%emt 0:00:05]} 21. Qxd3 {[%emt 0:00:01]} g6 {[%emt 0:00:01]} 22. Nd2 {[%emt 0:00:08]} Kg7 {[%emt 0:00:01]} 23. N2b3 {[%emt 0:00:05]} Rb8 {[%emt 0:00:09]} 24. f5 {[%emt 0:00:03]} exf5 {[%emt 0:00:03]} 25. e6 {[%emt 0:00:04]} fxe6 {[%emt 0:00:02]} 26. gxf5 {[%emt 0:00:04]} exf5 {[%emt 0:00:07]} 27. Qe3 {[%emt 0:00:06]} Ng8 {[%emt 0:00:13]} 28. Qe5+ {[%emt 0:00:02]} Kh7 {[%emt 0:00:06]} 29. Qxd5 {[%emt 0:00:05]} Rc8 {[%emt 0:00:04]} 30. Qf7+ {[%emt 0:00:03]} Kh8 {[%emt 0:00:04]} 31. c4 {[%emt 0:00:04]} Bc6+ {[%emt 0:00:03]} 32. Nxc6 {[%emt 0:00:02]} Qxf7 {[%emt 0:00:02]} 33. Ne5 {[%emt 0:00:11]} Qb7+ {[%emt 0:00:04] Klasman resigns (Lag: Av=0.48s, max=1.9s)} 0-1

[Event "Stay Safe Play From Home 237"]
[Site "Emanuel Lasker Arena"]
[Date "2020.06.18"]
[Round "1"]
[White "Edmatuag"]
[Black "Mepe_Nika"]
[Result "0-1"]
[WhiteElo "1634"]
[BlackElo "2383"]
[Annotator "TA"]
[PlyCount "88"]
[EventDate "2020.06.18"]
[EventType "swiss (blitz)"]

{[%evp 18,88,-9,-42,-14,-8,15,19,22,11,12,8,3,-4,0,-2,-8,-8,-8,-6,-6,-20,-17,-12,0,-27,0,-11,-22,-25,105,-22,-22,-39,-40,-56,-47,-62,-50,-74,-43,-70,112,-50,-35,-45,-35,-66,-40,-85,-51,-87,-66,-65,-57,-175,-28,-92,-95,-96,-95,-95,-95,-125,-137,-141,-143,-154,-155,-140,-95,-74,0]} 1. e4 e5 2. Nf3 Nc6 3. Nc3 Nf6 4. Bb5 Bc5 5. d3 d6 6. Bg5 h6 7. Bh4 Bd7 8. Qd2 g5 9. Bg3 Qe7 10. a3 O-O-O {C50: Hungarian Defence and Giuoco Pianissimo.} 11. O-O-O Nd4 {[#]} 12. Bxd7+ $146 ({Predecessor:} 12. Nxd4 Bxd4 13. Bc4 Be6 14. Bb3 Bxb3 15. cxb3 Qe6 16. Qc2 Kb8 17. f3 Nd7 18. Nb5 {0-1 (36) Oganesian,A (1967)-Shafarostov,A (1998) Obninsk 2009}) 12... Qxd7 {The position is equal.} 13. Nxd4 Bxd4 14. Kb1 Nh5 15. Ne2 Bb6 16. f3 f5 17. Be1 fxe4 18. dxe4 Nf4 19. Nc3 Ba5 20. Qf2 Bb6 (20... Kb8 {is interesting.} 21. Ne2 Bb6 22. Qf1 h5 23. Ng3 g4) 21. Qd2 Ba5 22. Qf2 Bxc3 23. Bxc3 Kb8 {[#]} (23... Qa4 $11) 24. Rd2 (24. Bxe5 $1 $16 {[%mdl 512]} Rhf8 (24... dxe5 25. Rxd7) 25. Bd4) 24... Qc6 $11 25. Rhd1 {With the idea Bxe5!} Ne6 26. Qe3 b6 27. b3 Kb7 28. Bb2 a5 29. a4 Nc5 $2 {[#]} (29... h5 $15) 30. Ka2 $2 (30. Bxe5 $1 $16 {[%mdl 512]} Rh7 (30... dxe5 31. Rxd8) 31. Rd5) 30... Rhe8 31. Ba3 Ne6 32. Bb2 Rg8 33. Qd3 h5 (33... g4 {is more complex.} 34. Bc1 h5 35. Rf2 Rdf8 36. Be3 h4) 34. Qd5 Qxd5 35. exd5 Nf4 36. g3 {[#]} (36. Bc1 $15) 36... Ng6 ({Black should play} 36... Nh3 $1 $19 37. Re2 Rdf8) 37. Rd3 (37. Rf2 $11) 37... Rdf8 $17 38. Bc1 g4 39. fxg4 hxg4 40. Re1 Rf2 41. Rd2 Rgf8 42. Ree2 Rxe2 43. Rxe2 Rf1 44. Bg5 c6 {[%mdl 32768] Accuracy: White = 59%, Black = 64%. . Loss on time!?} (44... Rf5 $17 45. Be3 Ne7) 0-1

[Event "Stay Safe Play From Home 237"]
[Site "Emanuel Lasker Arena"]
[Date "2020.06.18"]
[Round "1"]
[White "Justwatch"]
[Black "Tunca"]
[Result "0-1"]
[WhiteElo "1562"]
[BlackElo "1638"]
[Annotator "NA RC"]
[PlyCount "64"]
[EventDate "2020.06.18"]
[EventType "swiss (blitz)"]

1. e4 {[%emt 0:00:01]} Nf6 {[%emt 0:00:03]} 2. e5 {[%emt 0:00:01]} Nd5 {[%emt 0:00:01]} 3. c3 {[%emt 0:00:01]} d6 {[%emt 0:00:02]} 4. exd6 {[%emt 0:00:01]} cxd6 {[%emt 0:00:00]} 5. c4 {[%emt 0:00:00]} Nb6 {[%emt 0:00:01]} 6. Nf3 {[%emt 0:00:01]} Nc6 {[%emt 0:00:01]} 7. d4 {[%emt 0:00:02]} g6 {[%emt 0:00:01]} 8. Bg5 {[%emt 0:00:02]} Bg7 {[%emt 0:00:01]} 9. Nc3 {[%emt 0:00:08]} O-O {[%emt 0:00:02]} 10. d5 {[%emt 0:00:01]} Ne5 {[%emt 0:00:02]} 11. Nxe5 {[%emt 0:00:02]} Bxe5 {[%emt 0:00:00]} 12. Bd3 {[%emt 0:00:02]} Bd7 {[%emt 0:00:06]} 13. O-O {[%emt 0:00:02]} Rc8 {[%emt 0:00:02]} 14. Bh6 {[%emt 0:00:11]} Re8 {[%emt 0:00:04]} 15. Ne4 {[%emt 0:00:10]} Bxb2 {[%emt 0:00:10]} 16. Qf3 {[%emt 0:00:04]} Bg7 {[%emt 0:00:32]} 17. Bxg7 {[%emt 0:00:03]} Kxg7 {[%emt 0:00:00]} 18. Qg3 {[%emt 0:00:02]} Bf5 {[%emt 0:00:05]} 19. Ng5 {[%emt 0:00:02]} Bxd3 {[%emt 0:00:02]} 20. Qxd3 {[%emt 0:00:00]} Nd7 {[%emt 0:00:03]} 21. Qd4+ {[%emt 0:00:02]} Nf6 {[%emt 0:00:01]} 22. Rac1 {[%emt 0:00:04]} Qb6 {[%emt 0:00:08]} 23. Qh4 {[%emt 0:00:04]} h6 {[%emt 0:00:03]} 24. Ne4 {[%emt 0:00:02]} Qd4 {[%emt 0:00:05]} 25. Rfe1 {[%emt 0:00:17]} Rxc4 {[%emt 0:00:03]} 26. Rxc4 {[%emt 0:00:02]} Qxc4 {[%emt 0:00:00]} 27. Nxf6 {[%emt 0:00:09]} Qxh4 {[%emt 0:00:09]} 28. Nxe8+ {[%emt 0:00:01]} Kf8 {[%emt 0:00:00]} 29. Nc7 {[%emt 0:00:01]} Qb4 {[%emt 0:00:10]} 30. Rd1 {[%emt 0:00:06]} Qc5 {[%emt 0:00:07]} 31. Na8 {[%emt 0:00:07]} b5 {[%emt 0:00:07]} 32. Rb1 {[%emt 0:00:03]} Qc8 {[%emt 0:00:03] Justwatch terk eder (Lag: Av=0.47s, max=2.7s)} 0-1

[Event "Stay Safe Play From Home 237"]
[Site "Emanuel Lasker Arena"]
[Date "2020.06.18"]
[Round "2"]
[White "BrainThinker22"]
[Black "Greblha"]
[Result "1-0"]
[WhiteElo "2062"]
[BlackElo "1935"]
[Annotator "NA RC"]
[PlyCount "97"]
[EventDate "2020.06.18"]
[EventType "swiss (blitz)"]

1. e4 {[%emt 0:00:01]} c6 {[%emt 0:00:03]} 2. d4 {[%emt 0:00:01]} d5 {[%emt 0:00:00]} 3. exd5 {[%emt 0:00:00]} cxd5 {[%emt 0:00:02]} 4. c4 {[%emt 0:00:00]} Nf6 {[%emt 0:00:01]} 5. Nc3 {[%emt 0:00:01]} Nc6 {[%emt 0:00:01]} 6. Nf3 {[%emt 0:00:01]} Be6 {[%emt 0:00:01]} 7. Qb3 {[%emt 0:00:09]} Na5 {[%emt 0:00:10]} 8. Qa4+ {[%emt 0:00:13]} Bd7 {[%emt 0:00:02]} 9. Qc2 {[%emt 0:00:01]} Nxc4 {[%emt 0:00:07]} 10. b3 {[%emt 0:00:07]} Nd6 {[%emt 0:00:12]} 11. Bf4 {[%emt 0:00:06]} e6 {[%emt 0:00:01]} 12. Bd3 {[%emt 0:00:03]} Rc8 {[%emt 0:00:06]} 13. Bd2 {[%emt 0:00:07]} Nde4 {[%emt 0:00:09]} 14. a3 {[%emt 0:00:09]} Bd6 {[%emt 0:00:29]} 15. O-O {[%emt 0:00:08]} O-O {[%emt 0:00:06]} 16. Qb2 {[%emt 0:00:02]} Nxd2 {[%emt 0:00:06]} 17. Qxd2 {[%emt 0:00:03]} Qc7 {[%emt 0:00:01]} 18. Nb5 {[%emt 0:00:09]} Bxb5 {[%emt 0:00:05]} 19. Bxb5 {[%emt 0:00:00]} a6 {[%emt 0:00:02]} 20. Bd3 {[%emt 0:00:02]} Bf4 {[%emt 0:00:01]} 21. Qe2 {[%emt 0:00:03]} Ng4 {[%emt 0:00:21]} 22. h3 {[%emt 0:00:04]} Nh2 {[%emt 0:00:08]} 23. Nxh2 {[%emt 0:00:18]} Bxh2+ {[%emt 0:00:00]} 24. Kh1 {[%emt 0:00:00]} Bf4 {[%emt 0:00:01]} 25. g3 {[%emt 0:00:07]} Bh6 {[%emt 0:00:01]} 26. Kg2 {[%emt 0:00:01]} Qc3 {[%emt 0:00:04]} 27. Rfd1 {[%emt 0:00:06]} g6 {[%emt 0:00:03]} 28. Rab1 {[%emt 0:00:05]} Rc7 {[%emt 0:00:04]} 29. f4 {[%emt 0:00:04]} Qxd4 {[%emt 0:00:04]} 30. Bxg6 {[%emt 0:00:07]} Qb6 {[%emt 0:00:07]} 31. Bd3 {[%emt 0:00:04]} Bg7 {[%emt 0:00:04]} 32. Qh5 {[%emt 0:00:05]} h6 {[%emt 0:00:01]} 33. f5 {[%emt 0:00:04]} Qe3 {[%emt 0:00:05]} 34. Qg4 {[%emt 0:00:08]} exf5 {[%emt 0:00:03]} 35. Qxf5 {[%emt 0:00:01]} f6 {[%emt 0:00:02]} 36. Qh7+ {[%emt 0:00:02]} Kf7 {[%emt 0:00:00]} 37. Bg6+ {[%emt 0:00:01]} Ke7 {[%emt 0:00:01]} 38. Re1 {[%emt 0:00:00]} Rc3 {[%emt 0:00:01]} 39. Rxe3+ {[%emt 0:00:01]} Rxe3 {[%emt 0:00:00]} 40. Qxg7+ {[%emt 0:00:00]} Kd6 {[%emt 0:00:01]} 41. Qxf8+ {[%emt 0:00:01]} Ke5 {[%emt 0:00:00]} 42. Qe7+ {[%emt 0:00:01]} Kd4 {[%emt 0:00:00]} 43. Qxe3+ {[%emt 0:00:00]} Kxe3 {[%emt 0:00:01]} 44. Rd1 {[%emt 0:00:01]} d4 {[%emt 0:00:02]} 45. Rd3+ {[%emt 0:00:00]} Ke2 {[%emt 0:00:01]} 46. Rxd4 {[%emt 0:00:00]} Ke3 {[%emt 0:00:00]} 47. Re4+ {[%emt 0:00:01]} Kd3 {[%emt 0:00:01]} 48. Re7+ {[%emt 0:00:00]} Kc3 {[%emt 0:00:00]} 49. Rxb7 {[%emt 0:00:00] (Lag: Av=0.42s, max=0.6s) '} 1-0

[Event "Stay Safe Play From Home 237"]
[Site "Emanuel Lasker Arena"]
[Date "2020.06.18"]
[Round "2"]
[White "Haris kollari 13"]
[Black "Mepe_Nika"]
[Result "0-1"]
[WhiteElo "1821"]
[BlackElo "2384"]
[Annotator "NA RC"]
[PlyCount "112"]
[EventDate "2020.06.18"]
[EventType "swiss (blitz)"]

1. e3 {[%emt 0:00:01]} c5 {[%emt 0:00:03]} 2. e4 {[%emt 0:00:01]} g6 {[%emt 0:00:03]} 3. Nf3 {[%emt 0:00:01]} Bg7 {[%emt 0:00:01]} 4. c3 {[%emt 0:00:00]} Nf6 {[%emt 0:00:02]} 5. e5 {[%emt 0:00:02]} Nd5 {[%emt 0:00:01]} 6. d4 {[%emt 0:00:03]} d6 {[%emt 0:00:00]} 7. exd6 {[%emt 0:00:04]} exd6 {[%emt 0:00:03]} 8. Bc4 {[%emt 0:00:04]} Nb6 {[%emt 0:00:03]} 9. Bb3 {[%emt 0:00:02]} O-O {[%emt 0:00:01]} 10. O-O {[%emt 0:00:01]} Nc6 {[%emt 0:00:02]} 11. dxc5 {[%emt 0:00:01]} dxc5 {[%emt 0:00:00]} 12. Qxd8 {[%emt 0:00:03]} Rxd8 {[%emt 0:00:00]} 13. Be3 {[%emt 0:00:01]} Bg4 {[%emt 0:00:20]} 14. Bxc5 {[%emt 0:00:04]} Bxf3 {[%emt 0:00:01]} 15. gxf3 {[%emt 0:00:01]} Nd7 {[%emt 0:00:01]} 16. Be3 {[%emt 0:00:02]} Nde5 {[%emt 0:00:02]} 17. f4 {[%emt 0:00:05]} Nd3 {[%emt 0:00:02]} 18. Bc1 {[%emt 0:00:22]} Ne7 {[%emt 0:00:12]} 19. Bc2 {[%emt 0:00:01]} Nf5 {[%emt 0:00:04]} 20. Na3 {[%emt 0:00:04]} Bh6 {[%emt 0:00:08]} 21. Bxd3 {[%emt 0:00:09]} Rxd3 {[%emt 0:00:00]} 22. Kg2 {[%emt 0:00:02]} Nh4+ {[%emt 0:00:02]} 23. Kg1 {[%emt 0:00:07]} Rh3 {[%emt 0:00:03]} 24. Be3 {[%emt 0:00:06]} Re8 {[%emt 0:00:08]} 25. Rfe1 {[%emt 0:00:05]} Nf3+ {[%emt 0:00:02]} 26. Kg2 {[%emt 0:00:01]} Nxe1+ {[%emt 0:00:08]} 27. Kxh3 {[%emt 0:00:01]} Nd3 {[%emt 0:00:02]} 28. Rb1 {[%emt 0:00:02]} Nxf4+ {[%emt 0:00:12]} 29. Bxf4 {[%emt 0:00:02]} Bxf4 {[%emt 0:00:00]} 30. Kg2 {[%emt 0:00:10]} g5 {[%emt 0:00:05]} 31. Nc4 {[%emt 0:00:03]} b5 {[%emt 0:00:10]} 32. Na3 {[%emt 0:00:02]} a6 {[%emt 0:00:01]} 33. Kf1 {[%emt 0:00:08]} Bxh2 {[%emt 0:00:02]} 34. Rd1 {[%emt 0:00:01]} Be5 {[%emt 0:00:05]} 35. Nc2 {[%emt 0:00:01]} h5 {[%emt 0:00:02]} 36. Ne3 {[%emt 0:00:02]} Kh7 {[%emt 0:00:01]} 37. Rd7 {[%emt 0:00:08]} Kg6 {[%emt 0:00:02]} 38. Ra7 {[%emt 0:00:01]} Re6 {[%emt 0:00:01]} 39. Nd5 {[%emt 0:00:05]} h4 {[%emt 0:00:08]} 40. Kg2 {[%emt 0:00:01]} g4 {[%emt 0:00:02]} 41. f4 {[%emt 0:00:03]} gxf3+ {[%emt 0:00:03]} 42. Kxf3 {[%emt 0:00:01]} h3 {[%emt 0:00:01]} 43. Ne3 {[%emt 0:00:08]} h2 {[%emt 0:00:02]} 44. Kg2 {[%emt 0:00:01]} f5 {[%emt 0:00:05]} 45. Nf1 {[%emt 0:00:02]} Bb8 {[%emt 0:00:05]} 46. Rb7 {[%emt 0:00:05]} Re2+ {[%emt 0:00:01]} 47. Kh1 {[%emt 0:00:03]} Be5 {[%emt 0:00:01]} 48. Rb6+ {[%emt 0:00:04]} Kg5 {[%emt 0:00:01]} 49. Rxa6 {[%emt 0:00:03]} Re1 {[%emt 0:00:03]} 50. Kg2 {[%emt 0:00:01]} Rxf1 {[%emt 0:00:01]} 51. Kxf1 {[%emt 0:00:01]} h1=Q+ {[%emt 0:00:01]} 52. Ke2 {[%emt 0:00:00]} Qe4+ {[%emt 0:00:01]} 53. Kd2 {[%emt 0:00:01]} f4 {[%emt 0:00:01]} 54. Ra5 {[%emt 0:00:02]} Qe3+ {[%emt 0:00:02]} 55. Kc2 {[%emt 0:00:01]} f3 {[%emt 0:00:00]} 56. Rxb5 {[%emt 0:00:01]} Qe2+ {[%emt 0:00:00] Time (Lag: Av=0.45s, max=0.8s)} 0-1